Fòrum sobre Medi Ambient i Món Local : la ciutadania participa i debat la ciutadania participa i debat
Descripción Física:
1 carpeta ; 30 cm
MARC
| LEADER | 00000nam a2200000Ia 4500 | ||
|---|---|---|---|
| 001 | 22797 | ||
| 008 | 160829s2007 xx 000 0 cat d | ||
| 080 | |a C-3-323 | ||
| 245 | |a Fòrum sobre Medi Ambient i Món Local : |b la ciutadania participa i debat | ||
| 260 | |a Barcelona : |b Diputació de Barcelona. Àrea de Medi Ambient. Servei del Medi Ambient, |c 2007 | ||
| 300 | |a 1 carpeta ; |c 30 cm | ||
| 590 | |a Celebrat els dies 15 i 16 de febrer de 2007 al Centre de Convencions Internacional de Barcelona. | ||
| 590 | |a Conté: 1 llibre: 1a Trobada de Consells Municipals (els Consells de Medi Ambient i Sostenibilitat a la província de Barcelona); 5 fulletons: Plenari 1 (gestionem els recursos del municipi de manera eficient), Plenari 2 (fem una planificació sostenible del municipi), Plenari 3 (apostem per una economia més sostenible), Plenari 4 (apostem per l'educació ambiental i la participació ciutadana), Pograma; Butlleta d'inscripció | ||
| 650 | |a Medi ambient |x Participació ciutadana |x Congressos |9 45423 | ||
| 650 | 0 | |a Desenvolupament sostenible |v Congressos |9 39796 | |
| 710 | 1 | |a Barcelona (Catalunya : Província). |b Servei de Medi Ambient |9 53475 | |
| 901 | |a Arxiu | ||
| 942 | |n 1 | ||
| 952 | |0 0 |1 0 |4 0 |6 C3323 |7 1 |9 52590 |a Arxiu |b Arxiu |d 2016-12-01 |l 0 |o C-3-323 |p 22797 |r 2016-12-01 00:00:00 |w 2016-12-01 |y ARXIU | ||
| 999 | |c 56439 |d 56439 | ||